عرض عادي
عرض مارك
- Strong, William,
مدخل إسم شخص
001 - رقم الضبط
- حقل الضبط: 5058
003 - معرف رقم الضبط
- حقل الضبط: OSt
005 - تاريخ ووقت أخر عملية
- حقل الضبط: 20110929021619.0
008 - عناصر بيانات ثابتة الطول
- حقل تحكم ثابت الطول: 110929|||a|||||| | ||| d
040 ## - مصدر الفهرسة
- هيئة الفهرسة الأصلية: OSt
- وكالة الكتابة: OSt
100 ## - مدخل -- أسم شخص
- إسم شخص: Strong, William,
- تواريخ مرتبطة بالاسم: 1940-
670 ## - بيانات المصدر موجوده
- الاستشهاد بالمصدر: Work cat.: (OSt)1039: Strong, William, 1940-, Sentence combining :, c1994.
